000 01453nam a22003737a 4500
003 CHAP
005 20220329134314.0
008 971013s1976 r 00010 d
010 _a18477
011 _a19449
035 _a23534
040 _cCHAP
082 _a630.72058
_bC4
110 _aCentro de Documentación sobre Investigación y Enseñanza Superior Agropecuaria de la Zona Sur. Buenos Aires
_921059
245 _aDirectorio de instituciones de investigación agrícola de la zona sur y sus recursos humanos
260 _aBuenos Aires :
_bEl centro,
_c1976-
300 _av.
490 _aSerie informaciones
_v; 7
500 _aLa biblioteca tiene: v.1 Argentina, Brasil, Chile, Paraguay, Uruguay
590 _aBATCH-UPD
_b10
_c20130110
_lUCH01
_h0224
590 _aBATCH-UPD
_b10
_c20130110
_lUCH01
_h1042
590 _aBATCH-UPD
_b10
_c20130409
_lUCH01
_h2245
590 _aBATCH-UPD
_b10
_c20130410
_lUCH01
_h1508
590 _aBATCH-UPD
_b10
_c20130913
_lUCH01
_h2058
590 _aCONVERSION
_b10
_c20130109
_lUCH01
_h1311
650 1 4 _aAgricultura
_xInvestigación
_xAmérica Latina.
_91580
650 1 4 _aAgricultura
_xInvestigación
_xDirectorios.
_91612
650 1 4 _aCientíficos
_xAmérica Latina
_xDirectorios.
_923247
650 1 4 _aEstaciones agrícolas experimentales.
_938191
830 0 _aSerie informaciones
_v; 7
_9104908
901 _aBK
942 _cLIBRO
949 _a630.72058 C4
_bBC
_cC
_d33724000563821
_eC
_h41518
_i23534
_mD
_si
999 _c18477
_d18477